000 00591nam a2200217Ia 4500
003 GCL
008 140319s9999 xx 000 0 ara d
040 _aGCL /
_cGCL
082 0 4 _a745.53
_bف ع
100 1 _aعنايات المهدى
245 1 0 _aفن الزخرفة على الجلد /
_cعنايات المهدى
260 _a[S.N] :
_bمكتبة ابن سيناء ،
_c1991
300 _a287 ص
490 _a
650 0 4 _aالرسم
650 0 4 _aالزخرفة
650 0 4 _aالفن الزخرفى
650 0 4 _aالجلود
650 0 4 _aالحفر
942 _2ddc
_cBK
999 _c58545
_d58545